Statistics for US states by landmark

Click here to take the quiz!

General Stats

  • This quiz has been taken 31 times
  • The average score is 17 of 24

Answer Stats

Answer% Correct
New York - Statue of Liberty
100%
Florida - Disneyland Florida
96%
South Dakota - Mount Rushmore
93%
Missouri - The gateway arch
86%
Utah - Delicate Arch
86%
Virginia - Arlington National Cemetery
86%
Washington - White house
86%
Alaska - glacier bay
82%
Arizona - Grand canyon
82%
Hawaii - pearl harbour memorial
82%
Louisiana - French Quarter
82%
Texas - The Alamo
82%
Nevada - Hoover dam
79%
Wyoming - Yellowstone National Park
79%
Illinois - cloud gate
71%
Montana - Cathedral of Saint Helena
64%
Oregon - Painted Hills
64%
Tennessee - The Parthenon
54%
Alabama - USS Alabama
50%
Kansas - keeper of the plains
46%
Idaho - Waterfall
43%
Nebraska - carhenge
43%
California - Golden Gate bridge
39%
Colorado - crystal mill
21%

Score Distribution

Percentile by Number Answered

Percent of People with Each Score

Your Score History

You have not taken this quiz